000 00641nam a2200205Ia 4500
003 GCL
008 140319s9999 xx 000 0 ara d
040 _aGCL /
_cGCL
082 0 4 _a810.9
_bع خ
100 1 _aعبدالفتاح الديدى
245 1 0 _aالخيال الحركى فى الادب النقدى /
_cعبدالفتاح الديدى
260 _a[S.N] :
_bالهيئة المصرية العامة للكتاب ،
_c1990
300 _a201 ص
490 _a
650 0 4 _aالشعر العربى
650 0 4 _aالادب العربى
650 0 4 _aتاريخ ونقد
650 0 4 _aالمجموعات
942 _2ddc
_cBK
999 _c28474
_d28474